000
00288nam a2200097Ia 4500
008
241105s9999 xx 000 0 und d
041
_a
eng
100
_a
Gawade Kashmira
_9
182671
245
_a
Landscape Development Approach For A Windfram At Devgadh
260
_b
M Arch Landscape, Pune
_c
2014
999
_c
360962
_d
360962